00781nam a2200253 a 4500001001300000003000900013005001700022008004100039020002300080082001600103100001600119245007800135260003600213300000800249500003500257505002600292650002300318650002100341700001600362902000800378942000700386952011700393999001700510nice12345678IN_TiNIC20260116013758.0050524s2000 newa grp 000 0 eng  a8173040 c75000a954.04bZAM aZaman, Niaz aDivided Legacyb Partition in Selected Novels of India, Pak & Bangladesh. aNew Delhi bManohar Pub. c2000 a350 aincludes index and biblioraphy2 aSelected bibliography aPartition of India aIndia-Literature1 aZaman, Niaz bSRS cBK 001040708StackRoom-aHMIbHMId2007-07-31g750.00l0o954.04 ZAMp019830r2007-07-31v750.00w2005-05-24yBK c12455d12455